000 00401nam a2200145Ia 4500
005 20260304132609.0
022 _a0197‑5897
050 _aRA421. J68
245 _aJournal of Public Health Policy
250 _aVol. 45
260 _aUnited Kingdom
_bPalgrave Macmillan Ltd.
_c2024
300 _aill. ; 28 cm.
650 _aPublic Health--Periodicals, Medical Policy--Periodicals
942 _cSR
_2lcc
999 _c37349
_d37349